Vista normal Vista MARC

Entrada Topical Term

Número de registros utilizados en: 1

001 - CONTROL NUMBER

  • control field: 37411

003 - CONTROL NUMBER IDENTIFIER

  • control field: OSt

005 - DATE AND TIME OF LATEST TRANSACTION

  • control field: 20210504130607.0

008 - FIXED-LENGTH DATA ELEMENTS

  • fixed length control field: 210504|| aca||aabn | a|a d

040 ## - CATALOGING SOURCE

  • Original cataloging agency: OSt
  • Transcribing agency: OSt

150 ## - HEADING--TOPICAL TERM

  • Topical term or geographic name entry element: Evolución social
  • General subdivision: Economía

670 ## - SOURCE DATA FOUND

  • Source citation: Work cat.: (OSt)11629: Sampedro, J.L., autor 26023, Las fuerzas económicas de nuestro tiempo / , 1968.